Statistiques concernant A quel parti politique français fait iel parti.e ? #2

Cliquez ici pour prendre le quiz!

Statistiques générales

  • Ce quiz a été pris 123 fois
  • Le résultat moyen est 12 sur 21

Statistiques - réponses

PersonnalitéParti Politique% Correct
François HollandeParti Socialiste
98%
Valérie Pécresse
Les Républicains
Soyons Libres
95%
Nicolas SarkozyLes Républicains
92%
Olivier Véran
La République en Marche / Renaissance
Territoire de Progrès
88%
Yannick JadotEurope Écologie Les Verts
88%
Clémentine AutainLa France Insoumise
83%
Philippe PoutouNouveau Parti Anticapitaliste
81%
Nicolas Dupont-AignanDebout la France
79%
Richard FerrandLa République en Marche / Renaissance
79%
Michel BlanquerLa République en Marche / Renaissance
79%
Jean LassalleRésistons !
61%
Thierry MarianiRassemblement National
60%
Ian BrossatParti Communiste Français
54%
Nicolas BayReconquête
52%
Laurent HénartParti radical
17%
Corinne LepageCap21
14%
François De RugyParti écologiste
13%
Jacques CheminadeSolidarité&Progrès
13%
Laurence TrochuMouvement conservateur
12%
Antoine WaechterMouvement écologiste indépendant
9%
Philippe HardouinEn commun
8%

Distribution des résultats

Percentile par nombre de réponses

% des personnes avec chaque résultat

Votre développement - résultats

Vous n’avez pas pris ce quiz